000 00750nab a22002297a 4500
001 11218
003 HDC
007 cr bn ---aaaaa
008 210128c99991229my ||||o |||| 00| 00eng d
040 _aHDC
245 0 _aTehran to host first International Brand Strategy Conference
336 _atext
_2rdacontent
337 _acomputer
_2rdamedia
338 _aonline resource
_2rdacarrier
650 _aConference
_98673
650 _aHalal food industry
_9128
710 _aIslamic Republic News Agency [EN]
856 _zRequest full-text at [email protected]
942 _2lcc
942 _cNEWS
942 _kNWSO 001512
999 _c8541
_d8541